000 00646nam a2200181Ia 4500
008 151018s9999 xx 000 0 und d
082 _bRBASDV30956
_a610
100 _aसुरेश नगर्सेकर
245 _aअल्पमोली बहुगुणी
250 _b3
260 _bमनोरमा प्रकाशन मुंबई
_c1999
300 _a184
600 _aसुरेश नगर्सेकर
630 _aअल्पमोली बहुगुणी
700 _aसुरेश नगर्सेकर
730 _aअल्पमोली बहुगुणी
942 _cBOOK
999 _c1030496
_d1030493